| 000 | 00734cam a2200253 4500 | ||
|---|---|---|---|
| 001 | ABS62218 | ||
| 008 | 000000n2000 000 0 eng u | ||
| 035 | _a(Sirsi) u105453 | ||
| 100 | _aSatchell, S. | ||
| 245 | 4 | _aThe short straw in leases | |
| 260 | _c2000 | ||
| 490 |
_aProperty Week _v65(14) 7 April 2000, 66(1) |
||
| 520 | _aDiscusses the British Property Federation's Short Term Commercial Lease and how it many affect landlords and tenants. | ||
| 590 | _aABS | ||
| 650 | 0 | _aSHORT TERM COMMERCIAL LEASE | |
| 650 | _aBPF | ||
| 650 | _aFORFEITURE | ||
| 650 |
_aInsolvency _96247 |
||
| 650 | _aSHORT-TERM LEASES | ||
| 650 | _aDEPOSIT | ||
| 690 | _aLANDLORD AND TENANT-LEASES | ||
| 700 | 0 | _aCarey, V. | |
| 942 | _n0 | ||
| 999 |
_c63183 _d63183 |
||